Problemy razgosudarstvlenija i privatizacii. Na materialach Moldovy.

Obsah a princípy odštátnenia a privatizácie. Zdôvodnenie premeny štátneho vlastníctva na účastinné vlastníctvo ako najvhodnejšej formy privatizácie. Obsah a zákonitosti privatizačného procesu. Špecifičnosť deetatizácie a privatizácie v agrárno-priemyselnom komplexe. Hlavné princípy privatizácie (kom...

Descripción completa

Guardado en:
Detalles Bibliográficos
Autor principal: Morozov, I.
Otros Autores: Pavenskij, S.
Formato: Capítulo de libro
Lenguaje:ruso
Materias:
Etiquetas: Agregar Etiqueta
Sin Etiquetas, Sea el primero en etiquetar este registro!

MARC

LEADER 00000naa a2200000 4500
001 r004029
005 20221208122446.7
041 0 |a rus 
044 |a [SU] 
245 1 0 |a Problemy razgosudarstvlenija i privatizacii.  |b Na materialach Moldovy.  |c I. Morozov, S. Pavenskij 
520 |a Obsah a princípy odštátnenia a privatizácie. Zdôvodnenie premeny štátneho vlastníctva na účastinné vlastníctvo ako najvhodnejšej formy privatizácie. Obsah a zákonitosti privatizačného procesu. Špecifičnosť deetatizácie a privatizácie v agrárno-priemyselnom komplexe. Hlavné princípy privatizácie (komplexnosť, etapovitosť, rozličnosť foriem a subjektov, štátne regulovanie). 
610 2 0 |a deetatizácia 
610 2 0 |a privatizácia 
610 2 0 |a vlastníctvo štátne 
610 2 0 |a spoločnosti akciové 
610 2 0 |a komplex poľnohospodársko-priemyselný 
610 2 0 |a Moldavsko 
100 1 |a Morozov, I. 
700 1 |a Pavenskij, S.